LEADER 00775nam0-22002651i-450- 001 990001677520403321 005 20050930115222.0 035 $a000167752 035 $aFED01000167752 035 $a(Aleph)000167752FED01 035 $a000167752 100 $a20030910d1960----km-y0itay50------ba 101 0 $ager 200 1 $aGestalten und Probleme aus der Geschichte der Universitat Basel 210 $aBasel$cVerlag von Helbing & Lichtenhahn$d1960 215 $a118 p.$d25 cm 610 0 $aUniversità 676 $a378.155 801 0$aIT$bUNINA$gRICA$2UNIMARC 901 $aBK 912 $a990001677520403321 952 $a60 378.4 B 19$b37305$fFAGBC 959 $aFAGBC 996 $aGestalten und Probleme aus der Geschichte der Universitat Basel$9371265 997 $aUNINA LEADER 01262nam0 2200313 450 001 000039310 005 20141027115051.0 010 $a88-428-1186-6 100 $a20141027d2004----km-y0itaa50------ba 101 0 $aita 102 $aIT 200 1 $aDalle sacre reliquie all'arte moderna$eVenezia-Chicago dal XIII al XX secolo$fKrzysztof Pomian$gtraduzione di Alessandro Serra 210 $aMilano$c<> Saggiatore$d2004 215 $a383 p.$d22 cm 225 2 $a<> Cultura$v584 410 0$12001$a<> Cultura$v584 454 1$12001$aDes saintes reliques à l'art moderne. Venise-Chicago XIII-XX siècle$91530580 606 1 $aCollezionismo$xStoria 676 $a708$v(22. ed.)$9Gallerie, musei, collezioni private di belle arti e arti decorative 700 1$aPomian,$bKrzysztof$0171481 702 1$aSerra,$bAlessandro 801 0$aIT$bUniversità della Basilicata - B.I.A.$gREICAT$2unimarc 912 $a000039310 996 $aDes saintes reliques à l'art moderne. Venise-Chicago XIII-XX siècle$91530580 997 $aUNIBAS BAS $aLETTERE CAT $aEXT017$b01$c20141027$lBAS01$h1150 FMT Z30 -1$lBAS01$LBAS01$mBOOK$1BASA4$APolo di Matera$2DID$BDidattica$3MSR/112643$6112643$5L112643$820141027$f04$FPrestabile Didattica